Caricamento...

അന്നക്കുട്ടി

Dettagli Bibliografici
Autori principali: ജോസഫ് ചെറുവത്തൂര്‍, Joseph Cheruvathur
Natura: Printed Book
Pubblicazione: Kottayam; National Book Stall; 1958
Edizione:1st
Soggetti:
LEADER 00733nam a22001817a 4500
082 |a 894.M3  |b JOS20/A J8 
100 |a ജോസഫ് ചെറുവത്തൂര്‍;  |9 10620 
100 |a Joseph Cheruvathur  |9 8216 
240 |a Annakkutty 
245 |a അന്നക്കുട്ടി 
250 |a 1st 
260 |a Kottayam;  |b National Book Stall;  |c 1958 
300 |a 467p. 
650 |a മലയാളം; മലയാളം നോവല്‍  |9 10631 
650 |a Malayalam; Malayalam Novel; Literature; Malayalam Fiction  |9 10632 
942 |c BK 
999 |c 32476  |d 32476 
952 |0 0  |1 0  |4 0  |6 894_000000000000000_M3_JOS_A_J8  |7 0  |8 FIC  |9 35860  |a MAL  |b MAL  |d 2015-05-11  |e 8901  |g 6.00  |l 0  |o 894.M3 JOS/A J8  |p MAL008901  |r 2015-05-11  |t 1  |w 2015-05-11  |y BK